| Tag |
First Indicator |
Second Indicator |
Subfields |
| LEADER |
00000cam a2200000 a 4500 |
| 001 |
in00000009162 |
| 005 |
20151007051503.0 |
| 008 |
850923s1987 nyua b 00110 eng |
| 010 |
|
|
|a 85023154
|
| 020 |
|
|
|a 0023391901 (pbk.)
|
| 035 |
|
|
|a (OCoLC)12692608
|
| 035 |
|
|
|9 AAA3237AM
|
| 040 |
|
|
|a DLC
|c DLC
|d m/c
|d TXA
|d UtOrBLW
|
| 049 |
|
|
|a TXAM
|c [A12635397]
|
| 050 |
0 |
0 |
|a QP301
|b .F67 1987
|
| 082 |
0 |
|
|a 613.7/1
|2 19
|
| 100 |
1 |
|
|a Fox, Edward L.
|
| 245 |
1 |
0 |
|a Bases of fitness /
|c Edward L. Fox, Timothy E. Kirby, Ann Roberts Fox.
|
| 264 |
|
1 |
|a New York :
|b Macmillan,
|c [1987]
|
| 264 |
|
4 |
|c ©1987
|
| 300 |
|
|
|a x, 292 pages :
|b illustrations ;
|c 26 cm.
|
| 336 |
|
|
|a text
|b txt
|2 rdacontent
|
| 337 |
|
|
|a unmediated
|b n
|2 rdamedia
|
| 338 |
|
|
|a volume
|b nc
|2 rdacarrier
|
| 504 |
|
|
|a Includes bibliographies and indexes.
|
| 650 |
|
0 |
|a Exercise
|x Physiological aspects.
|
| 650 |
|
0 |
|a Physical fitness.
|
| 700 |
1 |
|
|a Kirby, Timothy E.
|
| 700 |
1 |
|
|a Fox, Ann Roberts.
|
| 999 |
|
|
|a MARS
|
| 999 |
f |
f |
|s dbc6de15-636d-3625-bd4e-a5e7efd836f2
|i 17e14b19-acd1-3db8-9118-8fd612b3cd72
|t 0
|
| 952 |
f |
f |
|p ric
|a Texas A&M University
|b Rellis Campus
|c Joint Library Facility
|d Remote Storage
|t 0
|e QP301 .F67 1987
|h Library of Congress classification
|i unmediated -- volume
|m A14812635397
|
| 998 |
f |
f |
|a QP301 .F67 1987
|t 0
|l Remote Storage
|